Statistics for Closest Country Pairs

Click here to take the quiz!

General Stats

  • This quiz has been taken 2,259 times
    (2,252 since last reset)
  • The average score is 13 of 24

Answer Stats

Country 1Country 2% Correct
JamaicaCuba
83%
United StatesRussia
82%
United KingdomFrance
81%
DenmarkSweden
72%
LuxembourgNetherlands
67%
ParaguayUruguay
66%
Papua New GuineaAustralia
65%
CroatiaItaly
65%
LebanonJordan
65%
SurinameVenezuela
64%
NamibiaZimbabwe
64%
MadagascarComoros
58%
OmanIran
56%
EritreaYemen
53%
The GambiaGuinea-Bissau
49%
BurundiUganda
48%
IranKuwait
46%
GhanaBenin
43%
UkraineBulgaria
42%
AlgeriaSpain
40%
LesothoSwaziland
40%
MozambiqueDR of Congo
39%
KazakhstanMongolia
34%
HungaryBosnia and Herzegovina
28%

Score Distribution

Percentile by Number Answered

Percent of People with Each Score

Your Score History

You have not taken this quiz since the last reset